00297nam a2200121Ia 45000030006000000080041000060400015000471000033000622450042000952600009001375460012001460050017001580STCL150530s9999 xx 000 0 und d aSTCLcSTCL aMary Wollstone Craft Shelley aFrankenstein or the modern prometheus c1906 aEnglish20220125171042.0